Normal view
MARC view
- Industrial laws and legislation
Entry Topical Term
001 - CONTROL NUMBER
- control field: 9340
003 - CONTROL NUMBER IDENTIFIER
- control field: OSt
005 - DATE AND TIME OF LATEST TRANSACTION
- control field: 20220105160437.0
008 - FIXED-LENGTH DATA ELEMENTS
- fixed length control field: 220105|| aca||aabn | a|a d
040 ## - CATALOGING SOURCE
- Original cataloging agency: OSt
- Transcribing agency: OSt
150 ## - HEADING--TOPICAL TERM
- Topical term or geographic name entry element: Industrial laws and legislation
- Form subdivision: Handbooks, manuals, etc.
- Geographic subdivision: Malaysia
670 ## - SOURCE DATA FOUND
- Source citation: Work cat.: (OSt): R. P. Baskaran, 1941 9338, HANDBOOK of POINTS TO REMEMBER on EMPLOYMENT LAWS for the Human Resources & Administration Managers :

PORTAL AKMAL
E-MEL JKDM
AKMAL2U
G-BAM
u-PUSTAKA